Römisches Reich - Multiple Choice - Statistiken

Allgemein
  • Dieses Quiz wurde 44 mal gespielt
  • Das Durchschnittsergebnis liegt bei 12 aus 22
Antwortstatistiken
Frage Antwort % Korrekt
Nach welcher Mythologie orientierte sich die römische Mythologie? Der griechischen
87%
Welches Wort beschreibt die römische Staatsgrenze? Limes
84%
Wer war der erste Kaiser Roms? Augustus
79%
Welche Stadt wurde 330 zur neuen Hauptstadt ernannt? Konstantinopel
79%
Was war das höchste Amt im römischen Senat? Konsul
74%
Wer begann den wohl bekanntesten Sklavenaufstand Roms? Spartacus
71%
Die Römer nannten das Mittelmeer "Mare Nostrum". Das bedeutet... Unser Meer
71%
Welches Staatsmodel war Rom vor der Kaiserzeit? Republik
68%
Welches revolutionäre Baumaterial wurde von den Römern erfunden? Beton
53%
Welche drei Männer bildeten das erste Triumvirat? Caesar, Crassus, Pompeius
50%
Mit dem Tod welches Kaisers endete der "Pax Romana"? Mark Aurel
50%
Gegen wen verloren die Römer in dieser Schlacht? Hannibal
47%
In welcher Schlacht verlor Rom die meisten Soldaten? Die Schlacht von Cannae
45%
Wo ist der römische Kaiser Septimius Severus geboren? Leptis Magna
45%
In welchem Jahr weihte welcher Kaiser das Kolosseum ein? 80 n.Chr. unter Titus
42%
Welcher Kaiser regierte während Roms größter territorialer Ausdehnung? Trajan
42%
Wer war Roms östlicher Nachbar, mit welchem das Reich regelmäßig Krieg führte? Das Partherreich
39%
Wer beendete die Reichskrise des dritten Jahrhunderts? Aurelian
32%
In welchem Gebäude versammelte sich der Senat? In der Curia Iulia
29%
Wer belegte zusammen mit Diokletian das Amt des "Augusti" zur Zeit der Tetrarchie? Maximian
29%
Wie starb Marcus Tullius Cicero? Enthauptung
26%
Wer sorgte für die Absetzung des letzten weströmischen Kaisers? Odoaker
26%
Keine übereinstimmenden Quizze gefunden
Verteilung der Resultate
Anzahl Personen mit jedem Resultat
Perzentil nach korrekt beantworteten Fragen
Ihre Resultats-Entwicklung
Sie haben dieses Quiz noch nicht gespielt